000 00301nam a22001337a 4500
008 180314b xxu||||| |||| 00| 0 eng d
020 _a9780300066708
041 _aeng
080 _a61
100 _a4
101 _aSHM
245 _aEmpathy and the practice of medicine
_cSpiro,H
942 _2udc
_cBK
999 _c44988
_d44988